Derecho internacional privado (Registro nro. 3517)
[ vista simple ]
| 000 -LEADER | |
|---|---|
| fixed length control field | 01778 a2200229 4500 |
| 001 - CONTROL NUMBER | |
| control field | 41650 |
| 005 - DATE AND TIME OF LATEST TRANSACTION | |
| control field | 20260407155709.0 |
| 008 - FIXED-LENGTH DATA ELEMENTS--GENERAL INFORMATION | |
| fixed length control field | 260407a1983 arg spa d |
| 003 - CONTROL NUMBER IDENTIFIER | |
| control field | AR-UNSa-BCEJYS |
| 040 ## - CATALOGING SOURCE | |
| Original cataloging agency | AR-UNSa-BCEJYS |
| Language of cataloging | spa |
| Transcribing agency | AR-UNSa-BCEJYS |
| 080 ## - UNIVERSAL DECIMAL CLASSIFICATION NUMBER | |
| Universal Decimal Classification number | 341.9 |
| Common auxiliary subdivision | Derecho Internacional Privado. Conflictos de Leyes |
| 020 ## - INTERNATIONAL STANDARD BOOK NUMBER | |
| International Standard Book Number | 950-14-0137-5 |
| 041 ## - LANGUAGE CODE | |
| Language code of text/sound track or separate title | spa |
| 100 1# - MAIN ENTRY--PERSONAL NAME | |
| Personal name | Boggiano, Antonio |
| 245 10 - TITLE STATEMENT | |
| Title | Derecho internacional privado |
| 250 ## - EDITION STATEMENT | |
| Edition statement | 2a. ed. |
| 264 #1 - PRODUCTION, PUBLICATION, DISTRIBUTION, MANUFACTURE, AND COPYRIGHT NOTICE | |
| Place of production, publication, distribution, manufacture | Buenos Aires : |
| Name of producer, publisher, distributor, manufacturer | Ediciones Depalma |
| Date of production, publication, distribution, manufacture, or copyright notice | 1983 |
| 300 ## - PHYSICAL DESCRIPTION | |
| Extent | 2 v. (692 ; 736 p.) |
| Dimensions | 23 cm. |
| 505 ## - FORMATTED CONTENTS NOTE | |
| Formatted contents note | Vol. I: 1. Desarrollo histórico del concepto del derecho internacional privado - 2. Comparación de tendencias conceptuales en los diversos sistemas de derecho internacional privado - 3. Concepto y sistema del derecho internacional privado - 4. El nuevo derecho internacional privado mediante la cooperación de las organizaciones internacionales - 5. Jurisdicción internacional argentina - 6. La norma de conflicto - 7. La norma material - 8. La norma de policía - 9. Personas - 10. Matrimonio - 11. Filiación - 12. Adopción - 13. Rapto internacional de niños - 14. Cosas - 15. Herencia - 16. Trust - 17. Sociedades comerciales -- Vol. II: 18. Contratos - 19. Letra de cambio - 20. Cheque - 21. Actos ilícitos - 22. Obligaciones en moneda extranjera - 23. Propiedad industrial e intelectual - 24. Concursos - 25. Exhortos - 26. Arbitraje comercial internacional - 27. Reconocimiento y ejecucción de sentencias extranjeras - 28. El acto administrativo extranjero - 29. Aplicación del derecho extranjero - 30. Inmunidad jurisdiccional de los estados y de las organizaciones internacionales - 31. Procesos interjurisdiccionales |
| 590 ## - LOCAL NOTE (RLIN) | |
| Local note | niveau_biblio:m niveau_hierar:0 |
| 942 ## - ADDED ENTRY ELEMENTS (KOHA) | |
| Koha item type | |
| Withdrawn status | Lost status | Damaged status | Not for loan | Home library | Current library | Shelving location | Date acquired | Total checkouts | Full call number | Barcode | Date last seen | Price effective from | Koha item type |
|---|---|---|---|---|---|---|---|---|---|---|---|---|---|
| Biblioteca Prof. Eusebio Cleto del Rey | Biblioteca Prof. Eusebio Cleto del Rey | 07/04/2026 | 341.9 B674 v.1 2ed. | L53422 | 07/04/2026 | 07/04/2026 | Libro | ||||||
| Biblioteca Prof. Eusebio Cleto del Rey | Biblioteca Prof. Eusebio Cleto del Rey | 07/04/2026 | 341.9 B674 v.2 2ed. | L53423 | 07/04/2026 | 07/04/2026 | Libro |